000 00585nam a2200181Ia 4500
008 090123s9999 xx 000 0 und d
082 _b23131
100 _aकर्वे चि. श्री.
245 _aजीवन नि विज्ञान
250 _a1
260 _bपरिमल प्रकाशन
_c1982
300 _a100
600 _aकर्वे चि. श्री.
630 _aजीवन नि विज्ञान
700 _aकर्वे चि. श्री.
730 _aजीवन नि विज्ञान
942 _cBOOK
999 _c61203
_d61203